Descriptive Study of Kudubi Dialect : (Record no. 204522)

MARC details
000 -LEADER
fixed length control field 00676nam a22001937a 4500
005 - DATE AND TIME OF LATEST TRANSACTION
control field 20240726143516.0
010 ## - LCCN (DPL NO)
LC control number ENG-141033
020 ## - INTERNATIONAL STANDARD BOOK NUMBER
Terms of availability 300.00
International Standard Book Number 9789382582199
020 ## - INTERNATIONAL STANDARD BOOK NUMBER
Terms of availability 300.00
035 ## - SYSTEM CONTROL NUMBER
System control number EN-124565
037 ## - SOURCE OF ACQUISITION
Source of stock number/acquisition DBAD
082 ## - DEWEY DECIMAL CLASSIFICATION NUMBER
Classification number 491.469
100 ## - MAIN ENTRY--PERSONAL NAME
Personal name N. Varija
245 ## - TITLE STATEMENT
Title Descriptive Study of Kudubi Dialect :
Statement of responsibility, etc Varija N
Remainder of title Spoken by Kudubi Comunity of Uttara Kannada, Udupi And Dakshina Kannada District /
260 ## - PUBLICATION, DISTRIBUTION, ETC. (IMPRINT)
Place of publication, distribution, etc Mangluru
Name of publisher, distributor, etc Konkani Bhas Ani Sanskriti Prathistan
Date of publication, distribution, etc 2015
270 ## - ADDRESS
City Mangluru
Address World Konkani Center, Konkani Goan, Shakti Nagar,
Postal code 575016
300 ## - PHYSICAL DESCRIPTION
Extent 209Pages
Dimensions 25cm(pbk)
942 ## - ADDED ENTRY ELEMENTS (KOHA)
Source of classification or shelving scheme Dewey Decimal Classification
Item type English Books
Classification part 491.469
Call number suffix JAN
Holdings
Withdrawn status Lost status Not for loan Collection code Home library Current library Date acquired Source of acquisition Cost, normal purchase price Full call number Barcode Copy number Cost, replacement price Koha item type
      Non-fiction Patel Nagar Patel Nagar 26/07/2024 DABD 300.00 491.469 JAN EN-124565 1 300.00 English Books

© Delhi Public Library
Hit Counter
free hit counter